000 00827nam a2200217 u 4500
005 20240920064431.0
008 081211s2007 r 000 0 eng d
020 _a9788449320033
035 _aUPN01000168484
049 _aCG
050 4 _aLB1027
_bC3.4a
100 1 _aCardús i Ros, Salvador,
_d1954-
245 1 3 _aEl desconcierto de la educación :
_blas claves para entender el papel de la familia, la escuela, los valores, los adolescentes, la televisión... y la inseguridad del futuro /
_cSalvador Cardús ; tr. Mireia Blasco.
260 _aBarcelona, Esp. :
_bPaidós,
_cc2007.
300 _a225 p.
440 0 _aPaidós contextos ;
_v114
534 _pTítulo original:
_tEl desconcert de l'educació
650 4 _aEducación
_xFines y objetivos
_94837
650 4 _aInnovaciones educativas
_9386
905 _aLibro
999 _c140591
_d140591